000
00253nam a22000977a 4500
999
_c
11778
_d
11778
008
200215b ||||| |||| 00| 0 eng d
020
_a
9789332425170
100
_a
Gupta
_9
7462
245
_a
Bed Time Fairy Tales
260
_a
New delhi
_b
Paper Clip Books
_c
2018